State of the art surgical coronary revascularization / (Registro nro. 323352)
[ vista simple ]
| 000 -ENCABEZADO | |
|---|---|
| Número de control [NR] | 00825nam a22002417a 4500 |
| 005 - FECHA Y HORA DE LA ÚLTIMA TRANSACCIÓN | |
| control field | 20240216155344.0 |
| 008 - DE LONGITUD FIJA DE DATOS DE ELEMENTOS - INFORMACIÓN GENERAL | |
| Elementos de longitud fija [NR] | 231130b ||||| |||| 00| 0 eng d |
| 020 ## - NUMERO INTERNACIONAL NORMALIZADO PARA LIBROS [R] | |
| Número Internacional Normalizado del libro [NR] | 9780199758785 |
| 020 ## - NUMERO INTERNACIONAL NORMALIZADO PARA LIBROS [R] | |
| Número Internacional Normalizado del libro [NR] | 9780191076558 |
| 020 ## - NUMERO INTERNACIONAL NORMALIZADO PARA LIBROS [R] | |
| Número Internacional Normalizado del libro [NR] | 9780191818677 |
| 020 ## - NUMERO INTERNACIONAL NORMALIZADO PARA LIBROS [R] | |
| Número Internacional Normalizado del libro [NR] | 9780191076565 |q (epub) |
| 040 ## - FUENTE DE CATALOGACION [NR] | |
| Agencia de catalogación original [NR] | CO-BoUCM |
| Quien Cataloga | David Moreno |
| Quien Clasifica | David Moreno |
| 041 ## - CODIGO DE IDIOMA [R] | |
| Código de idioma para texto/pista de sonido o título separado [R] | Inglés |
| 060 ## - SIGNATURA TOPOGRAFICA DE LA BIBLIOTECA NACIONAL DE MEDICINA (NLM) [R] | |
| Número clasificador [R] | WG 120 |
| 245 10 - MENCION DE TITULO [NR] | |
| Título [NR] | State of the art surgical coronary revascularization / |
| Parte restante del título [NR] | David Taggart, John Puskas. |
| 250 ## - MENCION DE EDICION [NR] | |
| Mención de edición [NR] | 1st. |
| 260 ## - PUBLICACION, DISTRIBUCION, ETC. (PIE DE IMPRENTA) [R] | |
| Lugar de publicación, distribución, etc. [R] | New York |
| Nombre del editor, distribuidor, etc. [R] | Oxford University Press |
| Fecha de publicación, distribución, etc. [R] | 2020 |
| 650 17 - ASIENTO SECUNDARIO DE MATERIA - TERMINO TEMATICO [R] | |
| Término temático o nombre geográfico como elemento de entrada [NR] | Cirugía del corazón |
| Subdivisión general [R] | Revascularización del miocardio |
| 9 (RLIN) | 179318 |
| 650 17 - ASIENTO SECUNDARIO DE MATERIA - TERMINO TEMATICO [R] | |
| Término temático o nombre geográfico como elemento de entrada [NR] | Enfermedad coronaria |
| Subdivisión general [R] | Cirugía |
| 9 (RLIN) | 179319 |
| 700 1# - ASIENTO SECUNDARIO - NOMBRE PERSONAL [R] | |
| Nombre personal [NR] | Taggart, David |
| 9 (RLIN) | 179320 |
| 700 1# - ASIENTO SECUNDARIO - NOMBRE PERSONAL [R] | |
| Nombre personal [NR] | Puskas, John |
| Término de relación [R] | editor |
| 9 (RLIN) | 179321 |
| 942 ## - ELEMENTOS DE ENTRADA AGREGADOS (KOHA) | |
| Sistema de clasificación | NLM |
| Tema principal | Medicina |
| Tipo de ítem principal el descrito en 300a | Libro |
| Edición | 1 |
| Clasificación | WG 120 |
| Parte restante de la signatura top. | T125 |
| Título oculto en OPAC | No |
| Fecha de último préstamo | Total préstamos | Signatura topográfica | Código de barras | Última vez visto | Ejemplar | Price effective from | Tipo de ítem | Perdido | Sistema de clasificación | Dañado | No prestable | Tipo de ítem específico | Suprimido | Ubicación habitual | Ubicación actual | Localización | Fecha de creación | Forma de adquisición | Costo |
|---|---|---|---|---|---|---|---|---|---|---|---|---|---|---|---|---|---|---|---|
| 16/02/2024 | 1 | WG 120 T125 | 100172149 | 01/12/2025 | Ej.1 | 30/11/2023 | Libro de Reserva | DEWEY | Libro de reserva | Fundación Cardioinfantil | Fundación Cardioinfantil | 1er piso | 30/11/2023 | Compra | 777672.00 |